Statistiques concernant Les plus grandes villes de Normandie

Cliquez ici pour prendre le quiz!

Statistiques générales

  • Ce quiz a été pris 212 fois
  • Le résultat moyen est 15 sur 30

Statistiques - réponses

HintRéponse% Correct
172 807(76)Le Havre
98%
106 538(14)Caen
97%
110 618(76)Rouen
97%
80 978(50)Cherbourg-En-Cotentin
85%
49 461(27)Évreux
80%
30 086(76)Dieppe
76%
19 426(50)Saint-Lô
76%
26 028(61)Alençon
73%
20 881(14)Lisieux
66%
13 917(14)Bayeux
60%
19 334(76)Fécamp
52%
25 273(76)Le Grand-Quevilly
51%
22 903(76)Le Petit-Quevilly
50%
13 350(50)Granville
48%
17 839(14)Vire
42%
28 910(76)Sotteville-lès-Rouen
41%
23 951(27)Vernon
41%
13 968(61)Argentan
40%
28 752(76)Saint-Etienne-du-Rouvray
40%
16 680(76)Elbeuf
38%
14 736(61)Flers
37%
21 878(14)Hérouville-Saint-Clair
35%
19 326(76)Mont-Saint-Aignan
35%
18 251(27)Louviers
29%
13 115(76)Bois-Guillaume
22%
13 158(27)Val-de-Reuil
22%
11 957(76)Barentin
19%
14 964(76)Canteleu
16%
16 131(76)Montivilliers
14%
11 886(76)La Hague
5%

Distribution des résultats

Percentile par nombre de réponses

% des personnes avec chaque résultat

Votre développement - résultats

Vous n’avez pas pris ce quiz